| 000 | 00715cjm a22002051a 4500 | ||
|---|---|---|---|
| 020 | _a0879015624 | ||
| 050 | 0 | 0 |
_aRZA 8432 _b.K42 1992 |
| 100 | 1 |
_aKerman, Joseph, _d1924-2014. |
|
| 245 | 1 | 0 |
_aListen _h[sound recording] / _c[by Joseph Kerman and Vivian Kerman]. |
| 250 | _a2nd brief ed. | ||
| 260 |
_aNew York : _bWorth Publishers ; PolyGram, _cp1992. |
||
| 300 | _a6 sound discs : | ||
| 500 | _aFor use with the author's book of the same title. | ||
| 500 | _aTitle on container: 6 CDs to accompany Kerman. | ||
| 500 | _aCompact discs. | ||
| 500 | _aList of contents on back of container. | ||
| 650 |
_xMusic appreciation ; _xVocal music ; _xInstrumental music. |
||
| 700 | 1 | _aKerman, Vivian. | |
| 942 |
_2lcc _cGEN |
||
| 999 |
_c9330 _d9330 |
||